Países con la tasa de homicidio más baja - Estadísticas

Estadísticas generales
  • Esta prueba ha sido intentada 1.789 veces
    1.625 desde el último reinicio
  • La puntuación promedio es 12 de 20
Estadísticas de respuestas
Tasa País % Correcto
0,49 Noruega
86%
0 Ciudad del Vaticano
83%
0,62 Islandia
77%
0,56 Suiza
77%
0,44 Mónaco
75%
0,73 Luxemburgo
74%
0,30 San Marino
73%
0,60 Dinamarca
72%
0,26 Japón
72%
0,56 España
69%
0,75 Corea del Sur
62%
0,70 Irlanda
59%
0,74 Italia
56%
0,50 Austria
51%
0,32 Singapur
49%
0,44 Catar
42%
0,69 Emiratos Árabes Unidos
39%
0,51 Baréin
33%
0,65 Brunéi
30%
0,60 Indonesia
17%
No se encontraron pruebas coincidentes
Distribución de puntuación
Porcentaje de gente con cada puntuación
Porcentaje por número respondido
Historial de tus puntuaciones
No has intentado esta prueba desde el último reinicio